Segundo viaje de sus Majestades los Reyes de España a América : (Record n. 33371)

Dettagli MARC
000 -LEADER
fixed length control field 01082nam a2200241 i 4500
003 - CONTROL NUMBER IDENTIFIER
control field IT-RoINE
005 - DATE AND TIME OF LATEST TRANSACTION
control field 20200108082849.0
008 - FIXED-LENGTH DATA ELEMENTS--GENERAL INFORMATION
fixed length control field 981210s1976 sp a r ||spa d
020 ## - INTERNATIONAL STANDARD BOOK NUMBER
International Standard Book Number 8427501870
040 ## - CATALOGING SOURCE
Original cataloging agency SpMaBN
Transcribing agency IT-RoINE
Modifying agency IT-RoINE
110 2# - MAIN ENTRY--CORPORATE NAME
9 (RLIN) 16124
Corporate name or jurisdiction name as entry element España
245 10 - TITLE STATEMENT
Title Segundo viaje de sus Majestades los Reyes de España a América :
Remainder of title visita a Colombia y Venezuela, con paso por Santo Domingo : 11 de octubre al 15 de octubre de 1976.
260 ## - PUBLICATION, DISTRIBUTION, ETC. (IMPRINT)
Place of publication, distribution, etc Madrid :
Name of publisher, distributor, etc Ediciones del Moviemiento,
Date of publication, distribution, etc 1976.
300 ## - PHYSICAL DESCRIPTION
Extent 77 p., [6] h. de lám., [17] h. de lám. ;
Dimensions 23 cm.
336 ## - CONTENT TYPE
Source rdacontent
Content type term text
337 ## - MEDIA TYPE
Source rdamedia
Media type term unmediated
338 ## - CARRIER TYPE
Source rdacarrier
Carrier type term volume
505 0# - FORMATTED CONTENTS NOTE
Formatted contents note Discursos de D. Alfonso López Michelsen, D. Juan Carlos I. y Dª Sofía
600 04 - SUBJECT ADDED ENTRY--PERSONAL NAME
9 (RLIN) 65710
Personal name Juan Carlos
Numeration I,
Titles and other words associated with a name Rey de España,
Dates associated with a name 1938-
General subdivision Viajes
Geographic subdivision República Dominicana
-- Santo Domingo
General subdivision Fuentes
600 04 - SUBJECT ADDED ENTRY--PERSONAL NAME
Personal name Juan Carlos
Numeration I,
Titles and other words associated with a name Rey de España,
Dates associated with a name 1938-
General subdivision Viajes
Geographic subdivision Colombia
General subdivision Fuentes
9 (RLIN) 65715
600 04 - SUBJECT ADDED ENTRY--PERSONAL NAME
Personal name Juan Carlos
Numeration I,
Titles and other words associated with a name Rey de España,
Dates associated with a name 1938-
General subdivision Viajes
Geographic subdivision Venezuela
General subdivision Fuentes
9 (RLIN) 65716
942 ## - ADDED ENTRY ELEMENTS (KOHA)
Item type Monografías
Dati di copia
Withdrawn status Lost status Damaged status Not for loan Home library Current library Date acquired Total Checkouts Full call number Barcode Date last seen Price effective from Koha item type
        Iglesia Nacional Española en Roma Iglesia Nacional Española en Roma 07/01/2020   FUE.HIS 203 60823 07/01/2020 07/01/2020 Monografías